La famiglia in crisi o in trasformazione? (Record no. 216649)

MARC details
000 -LEADER
campo di controllo lung. fissa 00841nam a2200241Ia 4500
001 - Numero di controllo
campo di controllo A10/R129-22054 [524]
003 - Identificatore del numero di controllo
campo di controllo IT-MiCISF
005 - Data e orario dell'ultima transazione
campo di controllo 20260417112025.0
008 - Elementi di lunghezza fissa--Informazione generale
campo di controllo lung. fissa 161014s9999||||xx |||||||||||||| ||und||
040 ## - Fonte della catalogazione
Agenzia catalografica originale IT-MiCISF
Agenzia che fa la trascrizione IT-MiCISF
041 ## - Codice di lingua
Codice di lingua del testo/traccia sonora o titolo separato it
100 ## - Accesso principale -- nome di persona
Nome di persona Remy Jean (et al.)
9 (RLIN) 63377
245 #0 - Formulazione del titolo
Titolo La famiglia in crisi o in trasformazione?
Complemento del titolo Una prospettiva sociologica e teologica
250 ## - Formulazione di edizione
Formulazione di edizione "Concilium", n. 1
260 ## - Pubblicazione, distribuzione, ecc. (stampa)
Data di pubblicazione, distribuzione, ecc. 1979
300 ## - Descrizione fisica
Estensione pp. 7-188
500 ## - Nota generale
Nota generale / famiglia, società, teologia, coppia, matrimonio, trasformazione-famiglia, crisi-famiglia /
650 ## - Accesso aggiunto di soggetto--termine topico
Termine topico o nome geografico come accesso Famiglia
654 ## - Accesso aggiunto di soggetto--termini topici faccettati
Termine principale rivista
700 ## - Accesso aggiunto--nome di persona
Nome di persona Sullivan T.A., McCready W., Siebert R..J., Grand'maison J., Ryan M. e K.,
-- Murphy R..E., Kilgallen J., Durkin M., Heim W., Shea J., Tracy D.
9 (RLIN) 63378
942 ## - Dati aggiuntivi (Koha)
Tipo copia default (Koha) LIBRO
Fonte della classificazione o dello schema di collocazione (segnatura) Dewey Decimal Classification
999 ## - Sys Number locale (Koha)
Koha Dewey Subclass [OBSOLETE] si
Holdings
Ritirato (status) Perso (status) Fonte della classificazione o dello schema di collocazione (segnatura) Danneggiato (status) Non per il presito Biblioteca proprietaria Biblioteca in cui si trova Data d'acquisizione Totale prestiti Collocazione Data ultima operazione Prezzo in vigore dal Tipo copia default (Koha) Nota pubblica
    Dewey Decimal Classification Buone Condizioni Not For Loan CISF - Milano CISF - Milano 14/10/2016   A10/R129 14/10/2016 14/10/2016 LIBRO Data import 15.10.2016 / by Epidotti, Vaglietti
CREDITS: SOCIETA' SAN PAOLO Via A.Severo, 58 - ROMA (RM) & PERIODICI SAN PAOLO SRL Via Giotto, 36 MILANO & CISF Via Giotto, 36 MILANO & EDIZIONI SAN PAOLO SRL,  Piazza Soncino, 5 CINISELLO BALSAMO (MI) -- ITALY